52 Ways to Reconcile (Record no. 11537)
[ view plain ]
| 000 -LEADER | |
|---|---|
| fixed length control field | 00854nam a22001577a 4500 |
| 020 ## - INTERNATIONAL STANDARD BOOK NUMBER | |
| ISBN | 9780771019357 |
| 082 ## - DEWEY DECIMAL CLASSIFICATION NUMBER | |
| Classification number | 305.897ROB |
| 100 ## - MAIN ENTRY--AUTHOR NAME | |
| Personal name | David A. Robertson |
| 245 ## - TITLE STATEMENT | |
| Title | 52 Ways to Reconcile |
| Sub Title | How to Walk with Indigenous Peoples on the Path to Healing |
| 260 ## - PUBLICATION, DISTRIBUTION, ETC. (IMPRINT) | |
| Place of publication | Toronto |
| Name of publisher | Penguin Random House |
| Year of publication | 2025 |
| 300 ## - PHYSICAL DESCRIPTION | |
| Number of Pages | 272p. |
| Other physical details | 24 cm |
| 520 ## - SUMMARY, ETC. | |
| Summary, etc | 52 Ways to Reconcile is an accessible, friendly guide for non-Indigenous people eager to learn, or Indigenous people eager to do more in our collective effort towards reconciliation, as people, and as a country. As much as non-Indigenous people want to walk the path of reconciliation, they often aren’t quite sure what to do, and they’re afraid of making mistakes. This book is the answer and the long overdue guide. |
| 650 ## - SUBJECT ADDED ENTRY--TOPICAL TERM | |
| Topical Term | Indigenous peoples-Canada. |
| 942 ## - ADDED ENTRY ELEMENTS (KOHA) | |
| Koha item type | Book |
| Withdrawn status | Lost status | Damaged status | Not for loan | Permanent Location | Current Location | Shelving location | Date acquired | Cost, normal purchase price | Full call number | Accession Number | Price effective from | Koha item type |
|---|---|---|---|---|---|---|---|---|---|---|---|---|
| UONGOZI Institute Resources Centre - Dar es Salaam | UONGOZI Institute Resources Centre - Dar es Salaam | Personal Development | 06/19/2026 | 82723.00 | 305.897ROB | UR010568 | 07/01/2026 | Book | ||||
| UONGOZI Institute Resources Centre - Dar es Salaam | UONGOZI Institute Resources Centre - Dar es Salaam | Personal Development | 06/19/2026 | 82723.00 | 305.897ROB | UR010567 | 07/01/2026 | Book |
